An ill-fated people Zembabwe before and after Rhodes. (Record no. 76395)
[ view plain ]
| 000 -LEADER | |
|---|---|
| fixed length control field | 01030nam a2200229 a 4500 |
| 008 - FIXED-LENGTH DATA ELEMENTS--GENERAL INFORMATION | |
| fixed length control field | 120416s1972 ||||||||||||||||| || u |
| 020 ## - INTERNATIONAL STANDARD BOOK NUMBER | |
| International Standard Book Number | 0435901125 |
| 050 ## - LIBRARY OF CONGRESS CALL NUMBER | |
| Classification number | DT 8800 Vam |
| 100 ## - MAIN ENTRY--PERSONAL NAME | |
| Personal name | Vambe, Lawrence, 1917- |
| 245 13 - TITLE STATEMENT | |
| Title | An ill-fated people Zembabwe before and after Rhodes. |
| 260 ## - PUBLICATION, DISTRIBUTION, ETC. | |
| Place of publication, distribution, etc. | London |
| Name of publisher, distributor, etc. | Heinemann |
| Date of publication, distribution, etc. | 1972 |
| 300 ## - PHYSICAL DESCRIPTION | |
| Extent | xv, 254 pages : illustrations |
| 350 ## - | |
| -- | 0.00 |
| 490 ## - | |
| -- | African writers series, 112 |
| 650 ## - SUBJECT ADDED ENTRY--TOPICAL TERM | |
| Topical term or geographic name entry element | ZIMBABWE--HISTORY--1890-1965 |
| 650 ## - SUBJECT ADDED ENTRY--TOPICAL TERM | |
| Topical term or geographic name entry element | Shona (African people) |
| 650 ## - SUBJECT ADDED ENTRY--TOPICAL TERM | |
| Topical term or geographic name entry element | ZIMBABWE |
| 650 ## - SUBJECT ADDED ENTRY--TOPICAL TERM | |
| Topical term or geographic name entry element | CHRISTIANITY--ZIMBABWE |
| 995 ## - | |
| -- | BINDERY (DAMAGED) |
| -- | 0.00 |
| -- | 717683 |
| -- | CBU-MAIN LIBRARY (Kitwe) |
| -- | 3 |
| -- | 3.00 |
| -- | DT 8800 Vam |
| -- | 1 |
| -- | DAMAGED |
| -- | 001695 |
| -- | Main Library Open Access Collection |
| 995 ## - | |
| -- | BINDERY (DAMAGED) |
| -- | 0.00 |
| -- | 717682 |
| -- | CBU-MAIN LIBRARY (Kitwe) |
| -- | 2 |
| -- | 3.00 |
| -- | DT 8800 Vam |
| -- | 3 |
| -- | DAMAGED |
| -- | 001696 |
| -- | Main Library Open Access Collection |
| 995 ## - | |
| -- | BINDERY (DAMAGED) |
| -- | 0.00 |
| -- | 717684 |
| -- | CBU-MAIN LIBRARY (Kitwe) |
| -- | 1 |
| -- | 3.00 |
| -- | DT 8800 Vam |
| -- | 2 |
| -- | DAMAGED |
| -- | 001694 |
| -- | Main Library Open Access Collection |
| 999 ## - | |
| -- | 76395 |
| -- | 76395 |
| Withdrawn status | Lost status | Source of classification or shelving scheme | Damaged status | Not for loan | Permanent Location | Current Location | Shelving location | Date acquired | Total Checkouts | Full call number | Barcode | Date last seen | Copy number | Price effective from | Koha item type |
|---|---|---|---|---|---|---|---|---|---|---|---|---|---|---|---|
| CBU-MAIN LIBRARY, KITWE. | CBU-MAIN LIBRARY, KITWE. | 04/25/2023 | DT 8800 Vam | 001695 | 04/25/2023 | 1 | 04/25/2023 | MONOGRAPH | |||||||
| CBU-MAIN LIBRARY, KITWE. | CBU-MAIN LIBRARY, KITWE. | 04/25/2023 | DT 8800 Vam | 001696 | 04/25/2023 | 2 | 04/25/2023 | MONOGRAPH | |||||||
| CBU-MAIN LIBRARY, KITWE. | CBU-MAIN LIBRARY, KITWE. | 04/25/2023 | DT 8800 Vam | 001694 | 04/25/2023 | 3 | 04/25/2023 | MONOGRAPH |